Cien vistas del monte Fuji

Сохранить в:
Библиографические подробности
Главный автор: Hokusai, Katsushika (Автор)
Формат:
Язык:испанский
Опубликовано: Buenos Aires Sans Soleil Ediciones 2017
Редактирование:1a. ed
Предметы:
Метки: Добавить метку
Нет меток, Требуется 1-ая метка записи!

MARC

LEADER 00000cam a2200000 a 4500
001 UCC4715
003 CL-VaPUC
008 180824e20170000ag |||||||||||||||||spa|d
020 |a 9789873923098 
082 0 4 |a 863.0222  |b HOK  |2 21 
100 0 |a Hokusai, Katsushika  |e author  |9 598903 
245 1 0 |a Cien vistas del monte Fuji 
250 |a 1a. ed 
300 |a 252 p 
942 |c BK 
945 |d 20180824 13:39:00  |a dcastane 
260 |a Buenos Aires  |b Sans Soleil Ediciones  |c 2017 
650 0 |a Novela gráfica  |9 561356 
650 0 |a Literatura japonesa  |9 266543 
650 0 |a Grabados  |9 310822 
583 |a last modification  |c 20180824 13:39:00  |k Rodrigo Vera 
999 |c 372133  |d 372131 
952 |0 0  |1 0  |3 erb  |4 0  |6 863_022200000000000_HOK_2017  |7 0  |8 R  |9 489405  |a BIBART  |b BIBART  |i 5490898  |o 863.0222 HOK 2017  |p 5490898  |r 2025-03-13  |w 2019-11-24  |y BK_R  |z Catalogado en:20180824  |k ART